[Event "2nd Irena Warakomska Memorial-A"]
[Site "Suwalki"]
[Date "2018.08.08"]
[Round "9"]
[White "Ulanowski, Karol"]
[Black "Lisowski, Krzysztof"]
[Result "1/2-1/2"]
[WhiteElo "2149"]
[BlackElo "2072"]
[Annotator "TA"]
[PlyCount "212"]
[EventDate "2018.08.01"]
[EventType "swiss"]
[EventCountry "POL"]
[SourceTitle "playchess.com"]
[Source "ChessBase"]
[SourceQuality "1"]

{[%evp 28,212,40,31,43,33,35,-13,-49,-80,-68,-131,-125,-186,-187,-176,-105,-223,-77,-285,-143,-127,-61,-62,-62,-62,-62,-127,-89,-143,-141,-149,-68,-68,-68,-72,-60,-100,-96,-93,-3,-10,-5,-8,-6,-45,-15,-13,-12,-93,-32,-61,-79,-161,-135,-138,-121,-185,-189,-321,-309,-370,-370,-434,-440,-396,-407,-385,-243,-240,-178,-193,-177,-177,-177,-177,-177,-177,-177,-177,-127,-127,-127,-127,-127,-127,-127,-127,-127,-127,-127,-127,-127,-127,-127,-127,0,-127,0,-127,0,-127,-127,-127,0,-127,-127,-127,-127,-127,-127,-127,-127,-127,-127,-127,-127,-127,-127,-127,-127,-127,-127,-127,-127,-127,-127,-127,0,-127,-32,-127,0,-127,0,-127,-32,-32,-32,-32,-32,-32,-32,-32,-32,-32,-32,-32,-32,-32,-32,-32,-32,-32,-32,-32,-32,-32,-32,-32,-32,-32,-32,-32,-32,-32,0,-32,0,-32,-32,-32,-32,-32,-32,-32,-32,-32,-32,-32,0,-32,-32,-32,-32,-32,-32]} 1. e4 c5 2. Nf3 Nc6 3. d4 cxd4 4. Nxd4 Nf6 5. Nc3 e5 6. Ndb5 d6 7. Bg5 a6 8. Na3 b5 9. Bxf6 gxf6 10. Nd5 Bg7 11. Bd3 Ne7 12. Nxe7 Qxe7 13. c4 f5 14. O-O O-O 15. Qh5 {LiveBook: 195 Partien} d5 {B33: Sizilianisch (Lasker/Pelikan/Sweschnikow-Variante)} (15... bxc4 16. Nxc4 d5 17. exd5 e4 18. Be2 f4 19. Rad1 Qd8 20. f3 e3 21. g3 Qf6 22. Kh1 fxg3 23. hxg3 {½-½ (42) Fedorchuk,S (2626)-Lagarde,M (2615) Escaldes 2018}) 16. cxd5 Qd8 17. g4 $146 ({Vorgänger:} 17. exf5 Qxd5 18. Rad1 e4 19. Bxb5 Qxf5 20. Qxf5 Bxf5 21. Bd7 Bxd7 22. Rxd7 Bxb2 23. Nc4 {½-½ (43) Baufays,H (2343)-Salcedo Mederos,P (2355) ICCF email 2014}) 17... fxg4 {Die Stellung ist ausgeglichen.} 18. Nc2 Rb8 $1 19. h4 (19. Ne3 $15) 19... Kh8 20. a4 (20. Rac1 $17 {ist wohl besser.}) 20... bxa4 $19 21. Rxa4 Rxb2 ({Günstiger ist} 21... Rb6 $19 22. Rc4 Bd7) 22. Ne3 $17 {[#]} Rb6 (22... g3 $1 $19 {[%mdl 512] und Schwarz behält klar die Oberhand. zielt auf ...Dd7 ab.} 23. Nc4 (23. fxg3 Qb6) 23... gxf2+ 24. Rxf2 Rxf2 25. Kxf2 f5 $1 {[%mdl 512]}) 23. Ng2 $2 (23. Nf5 $17) 23... Rh6 (23... Rg6 $19 24. Ra2 f6) 24. Qg5 f6 (24... Qd7 $17 25. Bc2 Qd6) 25. Qe3 $1 $15 f5 26. exf5 Qxd5 27. Qe2 (27. Rxg4 $15 Bxf5 28. Bxf5 Rxf5 29. Rb1) 27... Qf7 28. Ne3 (28. Qxg4 $142 Rd6 29. Be4) 28... Rxh4 $17 29. Rxg4 Qh5 (29... Rxg4+ $17 30. Qxg4 Bh6) 30. Rxh4 $15 Qxh4 31. Qf3 $1 Bh6 32. Ng2 Qf6 33. Rb1 Bg5 ({Lieber} 33... Bd7 $17 {Weiss sollte ...a5 verhindern.} 34. Kf1 Bxf5 35. Qxf5 Qxf5 36. Bxf5 Rxf5) 34. Rb8 $11 Qd6 35. Ra8 Rd8 36. f6 Qxf6 37. Qe4 {[%csl Gd3][%cal Re4h7]} Qe7 38. Rb8 (38. Bxa6 $11 Bxa6 39. Rxa6) 38... Rg8 (38... Qc7 $17 {Und weiter mit ...Lf6 wäre nett.} 39. Ra8 a5) 39. Qc6 Qd7 40. Qc3 {[#]} (40. Qxd7 $17 Bxd7 41. Rb7) 40... Bf6 $1 $19 41. Qc4 Rd8 42. Rb3 (42. Ne3 $17 {war erzwungen.}) 42... Bb7 43. Ne3 (43. Bf1 {kämpft weiter.}) 43... Rc8 44. Rxb7 Qxb7 45. Qe6 Rc1+ 46. Nf1 Qg7+ 47. Kh2 Qe7 48. Qxa6 e4 49. Qa8+ Kg7 50. Ng3 {Sf5+ ist eine echte Drohung.} Be5 ({Jedoch nicht} 50... exd3 $2 51. Nf5+ Kf7 52. Nxe7 $18) 51. Qxe4 {[#]} Bxg3+ $1 52. fxg3 Qxe4 53. Bxe4 {[%mdl 4096] Endspiel KT-KL} h5 54. Kh3 Kh6 55. Bg2 Kg5 56. Bd5 Rc2 57. Be6 Rd2 58. Bc8 Re2 59. Bd7 Re7 60. Bc8 Rc7 61. Be6 Re7 62. Bc8 $1 Re2 63. Bd7 Rd2 64. Bc8 $1 Rb2 65. Bd7 Rc2 66. Be6 $1 Kf6 67. Bd7 Rc7 68. Ba4 Kg5 69. Bd1 Rc1 70. Bf3 Rc3 71. Kg2 Rc2+ 72. Kf1 Rb2 73. Kg1 Rd2 74. Kf1 Ra2 75. Kg1 Rb2 76. Kf1 Rc2 77. Kg1 Rb2 (77... Rc1+ $2 78. Kf2 $19) 78. Kf1 $1 Rh2 (78... Kh6 $17 {Droht ...Kg5 und aus.} 79. Be2 Rb3) 79. Kg1 (79. Bg2 $1 $15) 79... Rb2 80. Kf1 $1 Ra2 81. Kg1 $1 h4 (81... Ra1+ $17 82. Kf2 Ra3) 82. gxh4+ $15 Kxh4 83. Kf1 $1 Kg3 84. Bd5 Rd2 85. Bc6 Kf4 86. Bb7 Ke3 87. Bc6 Rd6 88. Bb7 Rf6+ 89. Kg1 Rb6 90. Bd5 Rg6+ 91. Kf1 $1 Rg7 92. Bc6 Rc7 93. Bd5 Rc2 94. Bb7 Rf2+ 95. Kg1 Rf7 96. Bc6 Rg7+ 97. Kf1 Rf7+ 98. Kg1 Rc7 99. Bd5 Rc2 100. Kf1 Rc1+ 101. Kg2 Rc5 102. Bb7 Rb5 103. Bc6 Rc5 104. Bb7 Rc7 {Schwarz steht etwas besser.} 105. Bd5 Rg7+ 106. Kf1 Rd7 {Precision: Weiß = 57%, Schwarz = 52%.} 1/2-1/2

[Event "2nd Irena Warakomska Memorial-A"]
[Site "Suwalki"]
[Date "2018.08.08"]
[Round "9"]
[White "Harshini, A."]
[Black "Sliwicka, Alicja"]
[Result "0-1"]
[WhiteElo "2124"]
[BlackElo "2293"]
[Annotator "TA"]
[PlyCount "120"]
[EventDate "2018.08.01"]
[EventType "swiss"]
[EventCountry "POL"]
[SourceTitle "playchess.com"]
[Source "ChessBase"]
[SourceQuality "1"]

{[%evp 19,120,-35,-22,-59,-66,-121,-118,-136,-98,-100,-92,-228,-120,-133,-111,-117,-72,-102,-55,-48,-40,-38,-36,-44,-20,-16,21,-85,-46,-71,-24,-26,-27,-33,-16,-44,-35,-40,-30,-30,-35,-35,-36,-54,-53,-60,-57,-59,-27,-45,-36,-52,-47,-61,-53,-142,-143,-481,-472,-499,-492,-728,-645,-645,-645,-629,-628,-836,-645,-653,-653,-645,-638,-645,-631,-626,-619,-619,-579,-1829,-1793,-1799,-1762,-12831,-1525,-29956,-886,-29961,-29959,-29961,-29962,-29946,-29952,-29960,-29955,-29974,-4914,-751,0,-29974,-29974,-29973,-5915]} 1. e4 c5 2. Nf3 d6 3. d4 cxd4 4. Nxd4 Nf6 5. Nc3 Nc6 6. Be2 e5 7. Nb3 Be7 8. O-O O-O 9. Be3 a5 {[%cal Ba7a5,Ba5a4,Ba4a3][%mdl 32]} 10. f4 {B59: Classical Sicilian: 6 Be2 e5 7 Nb3} (10. Nd2 Be6 11. Nc4 b5 12. Nb6 Rb8 13. Nbd5 b4 14. Nxf6+ Bxf6 15. Nd5 Bg5 16. Qd2 Bxe3 17. Nxe3 Nd4 18. Bd3 {½-½ (18) Alekseev,E (2622)-Alekseenko,K (2563) Sochi 2017}) 10... a4 $1 {[%cal Ra4b3] LiveBook: 22 Games} 11. fxe5 dxe5 12. Nc1 $146 (12. Nd2 $15) ({Predecessor:} 12. Qxd8 Rxd8 13. Nc5 Nd4 14. Nd3 Nxc2 15. Bb6 Nxa1 16. Bxd8 Bxd8 17. Rxa1 Bb6+ {0-1 (27) Vergara Jofre,F (2077)-Hernandez Guerrero,G (2517) Arica 2015}) 12... a3 $17 13. Nd3 Qa5 {[#] Threatens to win with ...axb2.} 14. Qe1 Nb4 15. Bd1 (15. Rc1 $17 {keeps fighting.}) 15... Be6 (15... Rd8 $19 16. Rb1 Nxd3 17. cxd3 Rxd3) 16. bxa3 Nxd3 17. cxd3 Rfc8 18. Bd2 Qc5+ 19. Kh1 Qxa3 20. Rb1 Qa6 21. Bb3 Bxb3 22. Rxb3 b5 23. Qf2 (23. Bg5 $11) 23... Bc5 24. Qf5 Qe6 25. Qxe6 fxe6 26. Rxb5 Bd4 27. Rb3 Ng4 28. h3 Nf2+ 29. Kh2 Nxd3 30. Rf3 Nc5 31. Rb5 Rcb8 32. a4 Rxb5 33. axb5 Rb8 34. Rg3 Rb7 35. Be3 Nd7 36. Bg1 Nf6 37. Bxd4 ({White should play} 37. Rd3 $15) 37... exd4 $15 {[%mdl 4096] Endgame KRN-KRN} 38. e5 $2 {[%mdl 8192] [#]} (38. Nb1 $17 {is tougher.}) 38... Nh5 $19 ({Weaker is} 38... dxc3 39. exf6 c2 40. Rc3 $17) 39. Rf3 {Black should prevent Ne2.} dxc3 {KRN-KR} 40. g4 (40. b6 $142) 40... c2 41. Rc3 Nf4 42. Rxc2 Rxb5 43. Kg3 Nd5 44. Rc6 Kf7 45. h4 Ne7 46. Rc7 Rxe5 47. Ra7 h6 48. Kf4 Rb5 49. g5 hxg5+ 50. hxg5 g6 51. Kg4 Rb4+ 52. Kg3 Rc4 (52... e5 $142 53. Ra6 Rf4 54. Ra8 Nd5 55. Ra3 Ke6 56. Ra5 Rd4 57. Ra8 Kf5 58. Ra6 Kxg5 59. Kg2 e4 60. Kf2 Kf4 61. Kg1 Rd1+ 62. Kg2 e3 63. Re6 Kf5 64. Re8 Nf4+ 65. Kf3 Rf1+ 66. Kxe3 Re1+ 67. Kd4 Rxe8 68. Kc4 g5 69. Kc5 g4 70. Kb5 g3 71. Kc4 g2 72. Kc5 g1=Q+ 73. Kc6 Rb8 74. Kc7 Qb6+ 75. Kd7 Ne6 76. Ke7 Qc7#) 53. Kf3 e5 54. Rb7 Ke6 55. Rb6+ Rc6 56. Rb7 Nd5 57. Rg7 Kf5 (57... Rc3+ $142 58. Ke2 Nf4+ 59. Kd2 Rg3 60. Rg8 e4 61. Re8+ Kf5 62. Re7 Nd5 63. Rf7+ Kxg5 64. Kc2 e3 65. Rb7 Rg2+ 66. Kd1 Rd2+ 67. Kc1 Nf4 68. Rb5+ Kg4 69. Rb7 Nd3+ 70. Kb1 e2 71. Re7 e1=Q+ 72. Rxe1 Nxe1 73. Kc1 Nf3 74. Kb1 g5 75. Ka1 Kh3 76. Kb1 g4 77. Ka1 g3 78. Kb1 g2 79. Kc1 g1=Q#) 58. Rf7+ Ke6 59. Rg7 Rc3+ 60. Kf2 Kf5 {Precision: White = 26%, Black = 52%.} (60... Nf4 $142 61. Rb7 e4 62. Rb1 Rh3 63. Kg1 e3 64. Ra1 Kf5 65. Rf1 Rg3+ 66. Kh1 Rh3+ 67. Kg1 Rg3+ 68. Kh1 Rh3+ 69. Kg1) 0-1

[Event "2nd Irena Warakomska Memorial-A"]
[Site "Suwalki"]
[Date "2018.08.08"]
[Round "9"]
[White "Sliwerski, Radoslaw"]
[Black "Kuchava, Ana"]
[Result "1-0"]
[WhiteElo "1990"]
[BlackElo "2124"]
[Annotator "TA"]
[PlyCount "103"]
[EventDate "2018.08.01"]
[EventType "swiss"]
[EventCountry "POL"]
[SourceTitle "playchess.com"]
[Source "ChessBase"]
[SourceQuality "1"]

{[%evp 32,103,16,21,29,19,18,0,9,-3,88,86,86,87,83,86,74,73,93,97,123,123,123,121,136,133,131,129,144,153,156,134,149,107,172,168,166,170,158,168,168,169,168,176,211,199,192,189,263,254,251,269,324,309,282,317,376,372,344,341,313,319,297,287,394,402,314,243,1015,987,12845,6219,6079,5326]} 1. d4 d5 2. c4 e6 3. Nc3 Be7 4. Nf3 Nf6 5. Bg5 O-O 6. e3 h6 7. Bxf6 Bxf6 8. Rc1 c6 9. Bd3 Nd7 10. O-O dxc4 11. Bxc4 e5 12. h3 exd4 13. exd4 Nb6 14. Bb3 Re8 15. Re1 Rxe1+ 16. Qxe1 Bf5 {D55: Queen's Gambit Declined: 4 Bg5 Be7: Lines without ...h6 and 6...h6 7 Bxf6} 17. Ne4 {LiveBook: 3 Games} (17. Ne5 Nd5 18. Nxd5 cxd5 19. g4 Be6 20. f4 Qb6 21. Rd1 Bxe5 22. Qxe5 Re8 23. f5 f6 24. Qf4 {½-½ (43) Carlsen,M (2823)-Nakamura,H (2753) Sao Paulo/Bilbao 2011}) 17... Qe7 ({Of course not} 17... Bxd4 $6 18. Rd1 $16) 18. Nxf6+ $146 ({Predecessor:} 18. Nc5 Re8 19. Qa5 Ra8 20. Re1 Qc7 21. Ne5 Bxe5 22. Rxe5 Bg6 23. Qe1 Kf8 24. h4 Rd8 25. h5 Bh7 26. Qe3 Na8 27. Bxf7 Kxf7 28. Qb3+ Rd5 29. Qf3+ {1-0 (29) Wendt,J (2280)-Klovans,J (2530) Pardubice 1996}) 18... Qxf6 {The position is equal.} 19. Qe3 Rd8 20. Re1 Qd6 (20... Nd5 $11 {keeps the balance.} 21. Bxd5 cxd5) 21. Qe7 $1 $16 {[%cal Re7f7]} Qxe7 22. Rxe7 Rd7 23. Bxf7+ Kf8 24. Rxd7 Bxd7 {[%mdl 4096] Endgame KBN-KBN} 25. Ne5 Bf5 26. Bb3 Ke7 27. f4 Be6 28. Bxe6 Kxe6 {KN-KN} 29. Kf2 Nd5 30. Kf3 Nf6 31. g4 Kd5 32. Ke3 Ne8 (32... h5 $16 {was called for.}) 33. Ng6 $18 Nd6 34. b3 Nb5 35. Ne7+ Ke6 36. Nf5 Kf6 37. Ng3 Ke6 38. f5+ Ke7 39. Ne4 b6 (39... Na3 $142 40. Nc5 Nc2+ 41. Ke4 Nb4) 40. h4 {[%cal Bh3h4,Bh4g5,Bg5g6,Bg6g7][%mdl 32]} Nc7 41. Nc3 Ne8 42. g5 hxg5 43. hxg5 Kd6 44. Kf4 Nc7 45. Kg4 Ke7 46. Kh5 Kf7 47. Ne4 Nb5 48. g6+ Kf8 {[#]} 49. f6 $1 {[%cal Rf6f7] Threatens to win with f7.} gxf6 $2 (49... Nxd4 50. f7 Ke7) 50. Kh6 {White is clearly winning.} Nxd4 {[#]} 51. g7+ $1 Kf7 52. Kh7 {Precision: White = 95%, Black = 34%.} 1-0